00429nam a2200193Ia 4500003000900000008004100009040001300050040001300063041000800076100002300084245004400107250001000151260001500161260000900176300001100185300001000196490002300206490000600229IT-RoPAU120407s9999 xx 000 0 und d aIT-RoPAU cIT-RoPAU aita aJames S. Grotstein aScissione e identificazione proiettiva. aRoma  aAstrolabio c1983 a215 p. c21 cm aPsiche e coscienza v1